| 000 | 00595nam a2200181 a 4500 | ||
|---|---|---|---|
| 001 | 000027482 | ||
| 005 | 20240307073942.0 | ||
| 008 | 110312s1982 dr 000 0 spa d | ||
| 020 | _a0378956x | ||
| 040 |
_aDO-SdBNP _bspa _cBNPHU |
||
| 245 | 0 | 0 |
_aDocumentos 7 : _bprimera década /. |
| 246 | 1 | 0 |
_aDocumentos ciete _bprimera década |
| 260 |
_aSanto Domingo : _bINTEC :, _c1982 _fEditora Amigo del Hogar |
||
| 300 |
_a312 p. ; _c21 cm. |
||
| 500 | _aIncluye referencias bibliográficas y notas al pie de las páginas | ||
| 049 | _aBNPD | ||
| 710 | 2 |
_aInstituto Tecnológico de Santo Domingo _978911 |
|
| 999 |
_c26974 _d26974 |
||